LEADER 02476nam 2200589Ia 450 001 9910455566703321 005 20200520144314.0 010 $a1-283-90430-6 010 $a1-4175-0101-4 010 $a1-84642-416-X 035 $a(CKB)111087028266946 035 $a(EBL)290833 035 $a(OCoLC)567905666 035 $a(SSID)ssj0000116949 035 $a(PQKBManifestationID)11117198 035 $a(PQKBTitleCode)TC0000116949 035 $a(PQKBWorkID)10034915 035 $a(PQKB)10807109 035 $a(MiAaPQ)EBC290833 035 $a(Au-PeEL)EBL290833 035 $a(CaPaEBR)ebr10064478 035 $a(CaONFJC)MIL421680 035 $a(EXLCZ)99111087028266946 100 $a20040329d2003 uy 0 101 0 $aeng 135 $aur|n|---||||| 181 $ctxt 182 $cc 183 $acr 200 10$aCalling the shots$b[electronic resource] $echildhood vaccination - one family's journey /$fMary Alexander 210 $aLondon $cJessica Kingsley$d2003 215 $a1 online resource (172 p.) 300 $aIncludes index. 311 $a1-84310-133-5 327 $aCalling the Shots: Childhood Vaccination One Family's Journey; Contents; Glossary of Terms; Introduction; 1. The Question Mark over Vaccination; 2. Florence I: A Rude Awakening; 3. The History of Vaccination; 4. Florence II: The Damage Done; 5. Do We Really Need All These Vaccinations?; 6. Florence III: Strains, Planes and Ambulance Rides; 7. Andrew Wakefield and the MMR; 8. Florence IV: Recovery Position; 9. Social Responsibility: The Pressure to Vaccinate; 10. Taking Back Responsibility for My Children's Health 330 $aMixing personal experience with factual research, Alexander examines vaccination and highlights some of the questions she believes should be at the forefront of parents' minds. This book aims to provide parents with the knowledge and curiosity needed to make an informed, confident decision about vaccination. 606 $aVaccination of children 606 $aVaccination$xComplications 606 $aVaccination$xHistory 608 $aElectronic books. 615 0$aVaccination of children. 615 0$aVaccination$xComplications. 615 0$aVaccination$xHistory. 676 $a614.47082 700 $aAlexander$b Mary$0617263 801 0$bMiAaPQ 801 1$bMiAaPQ 801 2$bMiAaPQ 906 $aBOOK 912 $a9910455566703321 996 $aCalling the shots$92057076 997 $aUNINA LEADER 00996nam a2200265 i 4500 001 991002576969707536 005 20020503170856.0 008 951113s1990 uk ||| | eng 020 $a1852781718 035 $ab10384601-39ule_inst 035 $aEXGIL106225$9ExL 040 $aBiblioteca Interfacoltà$bita 100 1 $aFreeman, Christopher$089232 245 14$aThe economics of innovation /$cedited by Christopher Freeman 260 $aAldershot ; Brookfield :$bElgar,$cc1990 300 $axx, 504 p. ;$c25 cm. 440 4$aThe international library of critical writings in economics 440 3$aAn Elgar reference collection ;$v2 650 4$aEconomia e tecnologia 907 $a.b10384601$b02-04-14$c27-06-02 912 $a991002576969707536 945 $aLE002 Dir. VIII D 2$g1$i2002000484901$lle002$o-$pE0.00$q-$rl$s- $t0$u0$v0$w0$x0$y.i1044953x$z27-06-02 996 $aEconomics of innovation$9202552 997 $aUNISALENTO 998 $ale002$b01-01-95$cm$da $e-$feng$guk $h4$i1 LEADER 02612nam 2200589Ia 450 001 9910792249903321 005 20230721015332.0 010 $a1-281-82604-9 010 $a0-19-970172-5 010 $a9786611826048 035 $a(CKB)2560000000296735 035 $a(EBL)415895 035 $a(OCoLC)437096317 035 $a(SSID)ssj0000087343 035 $a(PQKBManifestationID)11113058 035 $a(PQKBTitleCode)TC0000087343 035 $a(PQKBWorkID)10052151 035 $a(PQKB)10610706 035 $a(StDuBDS)EDZ0000073234 035 $a(MiAaPQ)EBC415895 035 $a(Au-PeEL)EBL415895 035 $a(CaPaEBR)ebr10254360 035 $a(CaONFJC)MIL182604 035 $a(EXLCZ)992560000000296735 100 $a19961010d2009 uy 0 101 0 $aeng 135 $aur|n|---||||| 181 $ctxt 182 $cc 183 $acr 200 04$aThe history of neuroscience in autobiography$hVolume 6$b[electronic resource] /$fedited by Larry R. Squire 210 $aSan Diego, CA $cAcademic Press$d2009 215 $a1 online resource (589 p.) 300 $aDescription based upon print version of record. 311 $a0-19-538010-X 311 $a0-19-986436-5 320 $aIncludes bibliographical references and indexes. 327 $aContents; Previous Contributors; Preface to Volume 1; Preface to Volume 6; Bernard W. Agranoff; Emilio Bizzi; Marian Cleeves Diamond; Charles G. Gross; Richard Held; Leslie L. Iversen; Masakazu Konishi; Lawrence Kruger; Susan E. Leeman; Vernon B. Mountcastle; Shigetada Nakanishi; Solomon H. Snyder; Nobuo Suga; Hans Thoenen; Index of Names; A; B; C; D; E; F; G; H; I; J; K; L; M; N; O; P; Q; R; S; T; U; V; W; X; Y; Z 330 $aThe sixth volume of The History of Neuroscience in Autobiography is a collection of autobiographical essays by notable senior scientists who discuss the major events that shaped their discoveries and their influences, as well as the people who inspired them and helped shape their careers as neuroscientists. Each entry also includes a complete CV so that the interested reader may see their rise through the ranks as they achieved some of the highest honors in neuroscience. 606 $aNeuroscientists$vBiography 606 $aNeurosciences$vBiography 615 0$aNeuroscientists 615 0$aNeurosciences 676 $a612.8092 701 $aSquire$b Larry R$0265156 801 0$bMiAaPQ 801 1$bMiAaPQ 801 2$bMiAaPQ 906 $aBOOK 912 $a9910792249903321 996 $aThe history of neuroscience in autobiography$93783690 997 $aUNINA